Statistics for Země Nejblíže k Česka (Countries Closest to Czechia)

Click here to take the quiz!

General Stats

  • This quiz has been taken 1 636 times
  • The average score is 17 of 20

Answer Stats

kmzemě% Correct
0Polsko
100%
0Slovensko
100%
0Německo
99%
0Rakousko
98%
263Ukrajina
95%
70Maďarsko
94%
313Francie
93%
218Itálie
93%
234Chorvatsko
92%
200Slovinsko
90%
404Belgie
87%
421Dánsko
85%
429Nizozemsko
85%
314Švýcarsko
85%
321Rumunsko
77%
401Lucembursko
75%
395Bělorusko
74%
330Srbsko
74%
371Bosna a
Hercegovina
72%
334Lichtenštejnsko
68%

Score Distribution

Percentile by Number Answered

Percent of People with Each Score

Your Score History

You have not taken this quiz